000 00554nam a2200205Ia 4500
005 20260429111921.0
008 260429s9999||||xx |||||||||||||| ||und||
020 _a9781447175223
041 _aEnglish
082 _a512.2
_bBOS
100 _aBosch, Siegfried
245 0 _aAlgebraic geometry and commutative algebra /
_cSiegfried Bosch
250 _a2nd ed.
260 _aLondon :
_bSpringer,
_c2022.
300 _ax, 504 p.; pbk
650 _a Commutative algebra
650 _a Pure mathematics
650 _aAlgebraic geometry
942 _cTB
999 _c51420
_d51420